Personnalités politiques françaises n°9 - Statistiques

Statistiques générales
  • Ce quiz a été pris 873 fois
  • Le résultat moyen est 5 sur 20
Statistiques - réponses
Par images Réponse % Correct
Frédéric Mitterrand
56%
Brice Hortefeux
53%
Jérôme Cahuzac
51%
Julien Odoul
48%
Sébastien Lecornu
47%
Delphine Batho
41%
Jean-Frédéric Poisson
33%
Carole Delga
32%
Jacques Delors
28%
Philippe Douste-Blazy
27%
Bruno Mégret
23%
Renaud Muselier
18%
Steeve Briois
17%
Geneviève Darrieussecq
12%
Hubert Védrine
11%
Pierre Hurmic
11%
Patrick Ollier
9%
Annick Girardin
8%
Marie-Noëlle Lienemann
8%
Younous Omarjee
7%
Aucun quiz correspondant
Distribution des résultats
% des personnes avec chaque résultat
Percentile par nombre de réponses
Votre historique - résultats
Vous n’avez pas pris ce quiz